MARC

LEADER 00000nam0a2200000 4500
001 142390
005 20231031142732.0
010 |a 5283006042 
035 |a (RuTPU)RU\TPU\book\154315 
090 |a 142390 
100 |a 20080905d1990 km y0rusy50 ca 
101 0 |a rus 
102 |a RU 
105 |a a z 001zy 
200 1 |a Оптимизация источников света массового применения  |f В. С. Литвинов 
210 |a Москва  |c Энергоатомиздат  |d 1990 
215 |a 208 с.  |c ил. 
320 |a Библиогр.: с. 202-206. 
610 1 |a источники света 
610 1 |a параметры 
610 1 |a оптимальность 
610 1 |a лампы накаливания 
610 1 |a методы расчета 
610 1 |a люминесцентные лампы 
610 1 |a эффективные показатели 
610 1 |a эксплуатация 
610 1 |a применение 
610 1 |a лампы высокой интенсивности 
675 |a 621.32  |v 3 
700 1 |a Литвинов  |b В. С.  |g Виктор Семенович 
801 1 |a RU  |b 63413507  |c 20080905  |g PSBO 
801 2 |a RU  |b 63413507  |c 20090416  |g PSBO 
942 |c BK